|
|
|
|
| LEADER |
00856nam a22002297a 4500 |
| 001 |
28469 |
| 003 |
BD-DhAAL |
| 005 |
20141018141853.0 |
| 008 |
141018t20041939enk||||| |||| 00| 0 eng d |
| 020 |
|
|
|a 9780099908807
|
| 040 |
|
|
|a BD-DhAAL
|c BD-DhAAL
|
| 082 |
|
|
|2 22
|a 813.52
|
| 100 |
|
|
|a Hemingway, Ernest
|9 5675
|
| 245 |
|
|
|a The snows of Kilimanjaro /
|c Ernest Hemingway
|
| 260 |
|
|
|a London :
|b Arrow Books,
|c 1939 [Reprinted 2004]
|
| 300 |
|
|
|a 137 ;
|c 18 cm.
|
| 541 |
|
|
|e 28469
|
| 600 |
|
|
|a Hemingway, Ernest,
|d 1899-1961
|9 5676
|
| 852 |
|
|
|a Ayesha Abed Library
|c General Stacks
|
| 942 |
|
|
|2 ddc
|c BK
|
| 999 |
|
|
|c 32933
|d 32933
|
| 952 |
|
|
|0 0
|1 0
|2 ddc
|4 0
|6 813_520000000000000_HEM
|7 0
|9 43854
|a BRACUL
|b BRACUL
|c GEN
|d 2014-10-18
|e Friends Book Corner
|g 60.00
|l 3
|m 31
|o 813.52 HEM
|p 3010028469
|r 2025-04-10
|s 2025-03-06
|t 1
|w 2014-10-18
|y BK
|x Transferred from BIL to BRACUL on 06/06/22
|